000 00283nam a22001337a 4500
008 181022b xxu||||| |||| 00| 0 eng d
020 _a9781429268172
041 _aeng
080 _a159.9
100 _a49
101 _aPSI
245 _aPsychology
_cGriggs, R.A
942 _2udc
_cBK
999 _c50517
_d50517